Personnage mystère #47 - Statistiques

Statistiques générales
  • Ce quiz a été pris 183 fois
  • Le résultat moyen est 5 sur 7
Statistiques - réponses
Lettres Indices % Correct
NJEUE Jeune
99%
LUBE Bleu
91%
ROSSIHÉN Hérisson
60%
SITEVES Vitesse
57%
HEPROMOROPHANT Anthropomorphe
50%
Nom du personnage Sonic
48%
UQIUNORSEPUS Supersonique
48%
Aucun quiz correspondant
Distribution des résultats
% des personnes avec chaque résultat
Percentile par nombre de réponses
Votre historique - résultats
Vous n’avez pas pris ce quiz